Les clubs victimes de Lamine Yamal en Ligue des Champions - Statistiques

Statistiques générales
  • Ce quiz a été pris 70 fois
    18 depuis la dernière actualisation
  • Le résultat moyen est 8 sur 10
Statistiques - réponses
Pays Club % Correct
Italie Inter Milan 1
100%
Espagne Atlético Madrid 1
86%
Allemagne Borussia Dortmund 1
86%
Belgique Club Bruges 1
86%
Italie Atalanta Bergame 1
71%
Danemark FC Copenhague 1
71%
Portugal SL Benfica 1
71%
France AS Monaco 1
64%
Grèce Olympiakos 1
64%
Angleterre Newcastle 2
57%
Aucun quiz correspondant
Distribution des résultats
% des personnes avec chaque résultat
Percentile par nombre de réponses
Votre historique - résultats
Vous n’avez pas pris ce quiz depuis la dernière actualisation